How to make Indian rubber internationally competitive? (Record no. 52162)
[ view plain ]
| 000 -LEADER | |
|---|---|
| fixed length control field | 00324nam a2200121Ia 4500 |
| 100 ## - MAIN ENTRY--AUTHOR NAME | |
| Personal name | Krishnakumar A.K. |
| 245 #0 - TITLE STATEMENT | |
| Title | How to make Indian rubber internationally competitive? |
| 260 ## - PUBLICATION, DISTRIBUTION, ETC. (IMPRINT) | |
| Name of publisher | Planters' Chronicle |
| Year of publication | 1998 |
| 300 ## - PHYSICAL DESCRIPTION | |
| Number of Pages | 474-475 |
| 650 ## - SUBJECT ADDED ENTRY--TOPICAL TERM | |
| Topical Term | Marketing |
| 942 ## - ADDED ENTRY ELEMENTS (KOHA) | |
| Koha item type | Bibliography STAF |
| Withdrawn status | Lost status | Damaged status | Not for loan | Home library | Current library | Date acquired | Serial Enumeration / chronology | Koha item type |
|---|---|---|---|---|---|---|---|---|
| Bibliography | RRII Library | RRII Library | 09/04/2014 | Volume 94, Issue 10 | Bibliography STAF |